[Event "Penang op-A 9th"]
[Site "Penang"]
[Date "2017.12.08"]
[Round "8"]
[White "Lee, Say Siong John"]
[Black "Alhabsyi, Muhamad"]
[Result "0-1"]
[WhiteElo "1712"]
[BlackElo "2027"]
[PlyCount "78"]
[EventDate "2017.12.04"]
[EventType "swiss"]
[EventRounds "9"]
[EventCountry "MAS"]
[SourceTitle "CBM 182 Extra"]
[Source "ChessBase"]
[SourceDate "2018.02.23"]
[SourceVersion "1"]
[SourceVersionDate "2018.02.23"]
[SourceQuality "1"]

1. Nf3 Nf6 2. g3 b6 3. Bg2 Bb7 4. d3 e6 5. 0-0 Be7 6. Nbd2 c5 7. e4 d6 8. Re1 Nbd7 9. h4 Qc7 10. b3 Ng4 11. Bb2 Bf6 12. Bxf6 Ngxf6 13. Nh2 d5 14. Ng4 dxe4 15. dxe4 0-0 16. Nxf6+ Nxf6 17. Qe2 e5 18. a4 Rfd8 19. Nc4 Ba6 20. Rad1 Rd4 21. c3 Bxc4 22. bxc4 Rd7 23. Bh3 Rxd1 24. Rxd1 Rd8 25. Rd3 Rxd3 26. Qxd3 g6 27. Kf1 Qc6 28. Bg2 Qxa4 29. Bf3 Qd7 30. Qe3 Kg7 31. h5 Nxh5 32. Qg5 Nf6 33. Qxe5 Qd3+ 34. Kg2 Qxc4 35. g4 h6 36. Qe7 Qe6 37. Qxa7 Nxe4 38. c4 Nd2 39. Bd5 Qxg4+ 0-1

[Event "Penang op-A 9th"]
[Site "Penang"]
[Date "2017.12.06"]
[Round "4"]
[White "Lee, Say Siong John"]
[Black "Chow, Kit Meng Jordan Max"]
[Result "0-1"]
[WhiteElo "1712"]
[BlackElo "1960"]
[PlyCount "74"]
[EventDate "2017.12.04"]
[EventType "swiss"]
[EventRounds "9"]
[EventCountry "MAS"]
[SourceTitle "CBM 182 Extra"]
[Source "ChessBase"]
[SourceDate "2018.02.23"]
[SourceVersion "1"]
[SourceVersionDate "2018.02.23"]
[SourceQuality "1"]

1. Nf3 Nf6 2. g3 d5 3. Bg2 Nc6 4. 0-0 e5 5. d3 Bg4 6. h3 Bh5 7. g4 Bg6 8. Nbd2 e4 9. Nh4 Bc5 10. Nf5 Bxf5 11. gxf5 e3 12. fxe3 Bxe3+ 13. Kh1 Ng4 14. Nf3 Nf2+ 15. Rxf2 Bxf2 16. Qf1 Bg3 17. e4 0-0 18. exd5 Qxd5 19. Ng5 Qe5 20. Be4 Nd4 21. Nf3 Nxf3 22. Qxf3 c6 23. Kg2 Bh4 24. c3 Rfe8 25. Be3 Qb5 26. Rb1 Qa4 27. Rg1 Bf6 28. Kh1 Kh8 29. a3 Qb5 30. Rg2 c5 31. Qh5 c4 32. Qxf7 Re7 33. a4 Qxa4 34. Qd5 cxd3 35. c4 Rae8 36. Rg4 Qd1+ 37. Rg1 Qe2 0-1

[Event "Penang op-A 9th"]
[Site "Penang"]
[Date "2017.12.04"]
[Round "1"]
[White "Lee, Say Siong John"]
[Black "Chan, Marcus"]
[Result "0-1"]
[WhiteElo "1712"]
[BlackElo "2129"]
[PlyCount "93"]
[EventDate "2017.12.04"]
[EventType "swiss"]
[EventRounds "9"]
[EventCountry "MAS"]
[SourceTitle "CBM 182 Extra"]
[Source "ChessBase"]
[SourceDate "2018.02.23"]
[SourceVersion "1"]
[SourceVersionDate "2018.02.23"]
[SourceQuality "1"]

1. Nf3 c5 2. g3 Nc6 3. Bg2 g6 4. 0-0 Bg7 5. e4 e6 6. d3 Nge7 7. Re1 0-0 8. c3 d5 9. a3 d4 10. Qc2 e5 11. Nbd2 h6 12. a4 Be6 13. Bf1 a6 14. Nc4 Rc8 15. Qb3 Na5 16. Qc2 Nec6 17. Nxa5 Qxa5 18. Bd2 Qb6 19. c4 Nb4 20. Bxb4 Qxb4 21. Qd2 Qb6 22. Qc2 Qc6 23. Bg2 b5 24. b3 bxc4 25. bxc4 Rb8 26. Reb1 Rb4 27. Rxb4 cxb4 28. a5 Rb8 29. Nd2 Qc7 30. Nb3 f5 31. exf5 gxf5 32. Qe2 Bf7 33. Rc1 Kh8 34. Qf3 Bg6 35. Qd5 Kh7 36. h4 Rd8 37. Qb7 Qd6 38. c5 Qe6 39. Nd2 Qa2 40. Qxb4 Bf8 41. Qb7+ Kg8 42. Nc4 e4 43. Qb6 exd3 44. Qxg6+ Bg7 45. Ne5 d2 46. Qf7+ Qxf7 47. Nxf7 0-1